Zákaz účasti pri tretej osobe
Zákonodarca je pomerne jednoznačný pri kategórii hospodárskych subjektov v postavení uchádzačov. Pri nich je celkom jasné, že verejný obstarávateľ má povinnosť skúmať, či hospodársky subjekt v postavení uchádzača nemá uložený zákaz účasti vo verejnom obstarávaní. Ako je tomu však v prípade hospodárs...
Salvato in:
| Autore principale: | |
|---|---|
| Natura: | Capitolo di libro |
| Lingua: | slovacco |
| Soggetti: | |
| Tags: |
Nessun Tag, puoi essere il primo ad aggiungerne!!
|
MARC
| LEADER | 00000naa a2200000 4500 | ||
|---|---|---|---|
| 001 | 0291741 | ||
| 005 | 20240417075231.2 | ||
| 041 | 0 | |a slo | |
| 044 | |a SK | ||
| 245 | 1 | 0 | |a Zákaz účasti pri tretej osobe |c Juraj Tkáč |
| 520 | |a Zákonodarca je pomerne jednoznačný pri kategórii hospodárskych subjektov v postavení uchádzačov. Pri nich je celkom jasné, že verejný obstarávateľ má povinnosť skúmať, či hospodársky subjekt v postavení uchádzača nemá uložený zákaz účasti vo verejnom obstarávaní. Ako je tomu však v prípade hospodárskych subjektov v postavení tzv. tretích osôb? Skúma sa aj pri týchto osobách zákaz účasti? | ||
| 610 | 2 | 0 | |a obstarávanie verejné |
| 610 | 2 | 0 | |a zákony |
| 610 | 2 | 0 | |a legislatíva |
| 100 | 1 | |a Tkáč, Juraj | |